Tratado práctico de viticultura y enología española / (Record no. 97483)

MARC details
000 -LEADER
campo de control de longitud fija 00520nam a2200157 i 4500
001 - NÚMERO DE CONTROL
campo de control 97483
003 - IDENTIFICADOR DE NÚMERO DE CONTROL
campo de control ES-MaACL
007 - CAMPO FIJO DE DESCRIPCIÓN FÍSICA--INFORMACIÓN GENERAL
campo de control de longitud fija t|
008 - DATOS DE LONGITUD FIJA--INFORMACIÓN GENERAL
campo de control de longitud fija 050712s1974 sp ||||1| spa d
100 1# - ENTRADA PRINCIPAL--NOMBRE DE PERSONA
Nombre de persona Marcilla Arrazola, Juan.
9 (RLIN) 76447
245 10 - MENCIÓN DEL TÍTULO
Título Tratado práctico de viticultura y enología española /
Mención de responsabilidad, etc. Juan Marcilla Arrazola.
260 ## - PUBLICACIÓN, DISTRIBUCIÓN, ETC.
Lugar de publicación, distribución, etc. Madrid :
Nombre del editor, distribuidor, etc. Saeta,
Fecha de publicación, distribución, etc. 1974.
300 ## - DESCRIPCIÓN FÍSICA
Extensión 1 v. :
Otras características físicas il. ;
Dimensiones 24 cm.
505 8# - NOTA DE CONTENIDO CON FORMATO
Nota de contenido con formato Contiene: v. I.- Falta. v. II.- Enología. Séptima edicción. 517 p.
852 ## - LOCALIZACIÓN
Ubicación ES-MaACL
Número de control de estantería E-7608
Sublocalización o colección R.91986
Holdings
Estatus retirado Estado de pérdida Estado de daño No para préstamo Biblioteca de origen Biblioteca actual Ubicación en estantería Fecha de adquisición Fuente de adquisición Total de préstamos Signatura topográfica completa Código de barras Visto por última vez Precio de reemplazo Tipo de ítem Koha
        Biblioteca del Ateneo de Madrid Biblioteca del Ateneo de Madrid Depósito 2 17/01/2008     E-7608 1101766 23/02/2023 23/02/2023 Libro impreso